| 000 | 01220nam a2200325 a 4500 | ||
|---|---|---|---|
| 001 | 000020541 | ||
| 003 | DO-SdBNP | ||
| 005 | 20250707112615.0 | ||
| 007 | ta | ||
| 008 | 100218s1951 dr ab 000 0 spa d | ||
| 040 |
_aDO-SdBNP _bspa _cBNPHU _erda |
||
| 041 | _hspa | ||
| 082 | 4 |
_a330.97293 _bR426a _222 |
|
| 110 | 2 |
_aRepública Dominicana. Dirección Nacional de Estadística _983740 |
|
| 245 | 0 | 0 |
_aAnuario estadístico de la República Dominicana 1946-1947 / _cintroducción Emilio Espinola. |
| 260 | _c1951. | ||
| 264 | 2 |
_aCuidad Trujillo, República Dominicana : _bImpresora Dominicana, _c1951. |
|
| 300 |
_a731 páginas : _c25 cm. |
||
| 336 |
_atexto _btxt _2rdacontent |
||
| 337 |
_asin mediación _bn _2rdamedia |
||
| 338 |
_avolumen _bnc _2rdacarrier |
||
| 500 | _a"La estadística reseña la experiencia del pasado para oriental la conducta del porvenir" | ||
| 590 | _aInventariado, 2019/ YL | ||
| 650 | 0 |
_aEconomia _xEstadísticas _zRepública Dominicana _985383 |
|
| 650 | 4 |
_aEducación _xEstadísticas _zRepública Dominicana _972017 |
|
| 651 | 4 |
_aRepública Dominicana _xCensos _935550 |
|
| 700 | 1 |
_aEspinola, Emilio _eintr. _943265 |
|
| 910 | _aValidado. Control de Calidad/MAA | ||
| 942 |
_2ddc _cLBS1 |
||
| 999 |
_c20045 _d20045 |
||